| 000 | 00538nam a22001697a 4500 | ||
|---|---|---|---|
| 003 | LK-CoMWRAF | ||
| 005 | 20240217002039.0 | ||
| 008 | 231031b |||||||| |||| 00| 0 eng d | ||
| 040 |
_aLK-CoMWRAF _dLK-CoMWRAF _eLK-CoMWRAF |
||
| 041 | _asin | ||
| 082 |
_a342.085 _bMAN |
||
| 245 | _aමානව අයිතීන් හා කාන්තා අයිතීන් | ||
| 260 |
_aColombo : _bMuslim Women's Research and Action Forum - MWRAF, _c1993 |
||
| 300 | _a45 p. : 21 cm. | ||
| 490 | _a5 වෙනි වෙළුම | ||
| 942 | _cBK | ||
| 999 |
_c4054 _d4054 |
||